Denkschrift Über den Prozess des erzherzogs Ferdinand Maximilian von Oesterreich (Record no. 3273)

MARC details
000 -CABECERA
campo de control de longitud fija 00875nam a2200241 a 4500
001 - NÚMERO DE CONTROL
campo de control BRCA_3538
005 - FECHA Y HORA DE LA ÚLTIMA TRANSACCIÓN
campo de control 20190320204326.0
008 - DATOS DE LONGITUD FIJA--INFORMACIÓN GENERAL
campo de control de longitud fija 290709s1868----gw-#---###---#000-0#ger-#
041 ## - CÓDIGO DE LENGUA
Código de lengua del texto/banda sonora o título independiente ger
044 ## - CÓDIGO DEL PAÍS DE LA ENTIDAD EDITORA/PRODUCTORA
Código MARC del país gw
050 #4 - SIGNATURA TOPOGRÁFICA DE LA BIBLIOTECA DEL CONGRESO
Número de clasificación F1233.M3
Número de documento/Ítem .R58 1868
100 1# - ENTRADA PRINCIPAL--NOMBRE DE PERSONA
Nombre de persona Riva Palacio, Mariano
Fechas asociadas al nombre 1803-1880
9 (RLIN) 9180
245 10 - MENCIÓN DE TÍTULO
Título Denkschrift Über den Prozess des erzherzogs Ferdinand Maximilian von Oesterreich
Mención de responsabilidad, etc. Mariano Riva Palacio y Rafael Martínez de la Torre.
260 ## - PUBLICACIÓN, DISTRIBUCIÓN, ETC.
Lugar de publicación, distribución, etc. Hamburgo, Alemania
Nombre del editor, distribuidor, etc. Otto Meissner
Fecha de publicación, distribución, etc. 1868
300 ## - DESCRIPCIÓN FÍSICA
Extensión 192 p.
Dimensiones 23 cm.
500 ## - NOTA GENERAL
Nota general B205
500 ## - NOTA GENERAL
Nota general Separata Mitt d. k. k. Geogr. Gesellschaft. Heft 9.u.10
600 14 - PUNTO DE ACCESO ADICIONAL DE MATERIA--NOMBRE DE PERSONA
Nombre de persona Maximiliano
Títulos y otros términos asociados al nombre Emperador de México
Fechas asociadas al nombre 1832-1867
9 (RLIN) 4582
651 #4 - PUNTO DE ACCESO ADICIONAL DE MATERIA--NOMBRE GEOGRÁFICO
Nombre geográfico México
Subdivisión general Historia
Subdivisión cronológica Intervención francesa, 1861-1867
9 (RLIN) 9181
700 1# - PUNTO DE ACCESO ADICIONAL--NOMBRE DE PERSONA
Nombre de persona Martínez de la Torre, Rafael
Fechas asociadas al nombre 1828-1876
Término indicativo de función/relación coaut
9 (RLIN) 9182
902 ## - CATALOGADOR
Iniciales GFM
942 ## - ELEMENTOS DE PUNTO DE ACCESO ADICIONAL (KOHA)
Fuente del sistema de clasificación o colocación Library of Congress Classification
Tipo de ítem Koha Libros
Holdings
Estado de retiro Estado de pérdida Estado dañado No para préstamo Localización permanente Ubicación/localización actual Fecha de adquisición Número de inventario Total de préstamos Signatura topográfica completa Código de barras Fecha visto por última vez Precio válido a partir de Tipo de ítem Koha
El ejemplar forma parte de la colección y puede ser consultado según las políticas vigentes.       Biblioteca del Museo Franz Mayer (Rogerio Casas-Alatriste) Biblioteca del Museo Franz Mayer (Rogerio Casas-Alatriste) 29/07/2009 B205   F1233.M3 .R58 1868 (B205) 3535 22/03/2019 22/03/2019 Libros